|
|
|
|
| LEADER |
00682nam a22001577a 4500 |
| 020 |
|
|
|a 9780000172020
|
| 082 |
|
|
|a M894.812 1
|b LAL/A
|
| 100 |
|
|
|a ലളിതാംബിക അന്തർജ്ജനം
|
| 245 |
|
|
|a അന്തർജ്ജനത്തിന്റെ സമ്പൂർണ കവിതകൾ
|
| 260 |
|
|
|a Kottayam
|b Sahithya Pravarthaka Sahkarana Sangham
|c 2010
|
| 300 |
|
|
|a 350p.
|
| 650 |
|
|
|a Andarjanathinte samboorna krithikal
|
| 700 |
|
|
|a Lalithambika Andarjanam
|
| 942 |
|
|
|c BK
|
| 999 |
|
|
|c 40456
|d 40456
|
| 952 |
|
|
|0 0
|1 0
|4 0
|6 M_894_812000000000000_1_LALA
|7 0
|8 Stack
|9 43371
|a KUCL
|b KUCL
|c M
|d 2016-07-08
|g 250.00
|l 1
|o M894.812 1 LAL/A
|p 37486
|r 2017-07-15
|s 2017-07-01
|w 2016-07-08
|y BK
|